Bailes del mundo: una propuesta de bailes populares para Educación Primaria
Saved in:
| Main Authors: | , |
|---|---|
| Format: | Book |
| Language: | Spanish |
| Published: |
Badalona
Paidotribo
2007
|
| Edition: | 2a. ed |
| Subjects: | |
| Tags: |
Add Tag
No Tags, Be the first to tag this record!
|
MARC
| LEADER | 00000cam a2200000 a 4500 | ||
|---|---|---|---|
| 001 | UCF1132 | ||
| 003 | CL-VaPUC | ||
| 008 | 120621e20070000SP |||||||||||||||||spa|d | ||
| 020 | |a 9788480196727 | ||
| 082 | 0 | 4 | |a 793.3 |b SAN |2 21 |
| 100 | 0 | |a Sánchez Rodríguez, José |e author |9 562795 | |
| 700 | 0 | |a Martín Frías, Josefa |e author |9 562796 | |
| 245 | 1 | 0 | |a Bailes del mundo: una propuesta de bailes populares para Educación Primaria |
| 250 | |a 2a. ed | ||
| 300 | |a 59 p | ||
| 942 | |c BK | ||
| 945 | |d 20120621 00:00:00 |a dcastane | ||
| 260 | |a Badalona |b Paidotribo |c 2007 | ||
| 500 | |a Incluye DVD con material complementario | ||
| 650 | 0 | |a Danzas folklóricas |9 330042 | |
| 650 | 0 | |a Bailes folkloricos |9 409912 | |
| 650 | 0 | |a Enseñanza de la música |9 339802 | |
| 583 | |a last modification |c 20120621 10:53:00 |k Rodrigo Vera | ||
| 999 | |c 348100 |d 348098 | ||
| 952 | |0 0 |1 0 |4 0 |6 793_300000000000000_SAN_2007 |7 0 |8 A |9 449977 |a BIBEDU |b BIBEDU |d 2019-11-22 |i 4876970 |o 793.3 SAN 2007 |p 4876970 |r 2019-11-22 |w 2019-11-22 |y BK |k EFI | ||
| 952 | |0 0 |1 0 |4 0 |6 793_300000000000000_SAN_2007 |7 0 |8 A |9 449978 |a BIBEDU |b BIBEDU |d 2019-11-22 |i 4876962 |o 793.3 SAN 2007 |p 4876962 |r 2019-11-22 |w 2019-11-22 |y BK |k EFI | ||